| 000 -LEADER |
| fixed length control field |
00354nam a22001217a 4500 |
| 008 - FIXED-LENGTH DATA ELEMENTS--GENERAL INFORMATION |
| fixed length control field |
250909b ||||| |||| 00| 0 eng d |
| 020 ## - INTERNATIONAL STANDARD BOOK NUMBER |
| International Standard Book Number |
9781471193125 |
| 082 ## - DEWEY DECIMAL CLASSIFICATION NUMBER |
| Classification number |
823.92 TSA |
| 100 ## - MAIN ENTRY--PERSONAL NAME |
| Relator term |
TSANG,KEVIN |
| Language of a work |
ENGLISH |
| 245 ## - TITLE STATEMENT |
| Title |
WELCOME TO DRAGON REALMS |
| 260 ## - PUBLICATION, DISTRIBUTION, ETC. |
| Place of publication, distribution, etc. |
1st FLOOR,222 GRAY'S INN ROAD,LONDON WC1X 8HB |
| Name of publisher, distributor, etc. |
SIMON 7 SCHUSTER UK LTD |
| Date of publication, distribution, etc. |
2021 |
| 942 ## - ADDED ENTRY ELEMENTS (KOHA) |
| Source of classification or shelving scheme |
|